台鉄の駅 - Statistics

General Stats
  • This quiz has been taken 38 times
  • The average score is 66 of 266
Answer Stats
路線名 駅名 % Correct
縦貫線(北段) 台北
97%
縦貫線(北段) 桃園
86%
台中線 台中
86%
縦貫線 (南段) 台南
79%
屏東線 | 縦貫線 (南段) 高雄
79%
縦貫線(北段) 松山
76%
縦貫線(北段) 板橋
72%
縦貫線(北段) 南港
66%
縦貫線(北段) 基隆
62%
北廻線 | 台東線 花蓮
62%
南廻線 | 台東線 台東
62%
縦貫線 (南段) 嘉義
55%
縦貫線(北段) 汐止
52%
縦貫線 (南段) 左営
52%
宜蘭線 宜蘭
52%
宜蘭線 | 縦貫線(北段) 八堵
48%
縦貫線(北段) 七堵
48%
縦貫線(北段) 樹林
48%
縦貫線 (南段) 新左営
48%
屏東線 屏東
48%
成追線 | 海岸線 追分
45%
縦貫線(北段) 五堵
41%
六家線 | 内湾線 | 縦貫線(北段) 新竹
41%
台中線 苗栗
41%
縦貫線(北段) 汐科
38%
縦貫線(北段) 浮洲
38%
縦貫線 (南段) 田中
38%
集集線 集集
38%
六家線 六家
38%
縦貫線(北段) 万華
34%
縦貫線(北段) 中壢
34%
台中線 | 海岸線 | 縦貫線 (南段) 彰化
34%
台中線 | 成追線 成功
34%
縦貫線 (南段) 斗六
34%
縦貫線 (南段) 岡山
34%
屏東線 潮州
34%
宜蘭線 | 平渓線 | 深澳線 瑞芳
34%
台東線 池上
34%
平渓線 十分
34%
平渓線 平渓
34%
縦貫線(北段) 三坑
31%
縦貫線(北段) 百福
31%
縦貫線(北段) 富岡
31%
台中線 | 海岸線 | 縦貫線(北段) 竹南
31%
海岸線 台中港
31%
縦貫線 (南段) 員林
31%
縦貫線 (南段) 美術館
31%
内湾線 内湾
31%
縦貫線(北段) 南樹林
28%
縦貫線(北段) 鶯歌
28%
縦貫線(北段) 湖口
28%
縦貫線(北段) 竹北
28%
台中線 烏日
28%
台中線 新烏日
28%
縦貫線 (南段) | 集集線 二水
28%
縦貫線 (南段) 斗南
28%
縦貫線 (南段) 抜林
28%
縦貫線 (南段) 善化
28%
南廻線 | 屏東線 枋寮
28%
宜蘭線 暖暖
28%
宜蘭線 四脚亭
28%
北廻線 | 宜蘭線 蘇澳新
28%
宜蘭線 蘇澳
28%
台東線 瑞穂
28%
台東線 玉里
28%
沙崙線 沙崙
28%
縦貫線(北段) 山佳
24%
縦貫線(北段) 内壢
24%
縦貫線(北段) 埔心
24%
縦貫線(北段) 北湖
24%
海岸線 日南
24%
海岸線 大甲
24%
海岸線 清水
24%
台中線 豊原
24%
縦貫線 (南段) 新営
24%
縦貫線 (南段) 新市
24%
縦貫線 (南段) 楠梓
24%
屏東線 九曲堂
24%
宜蘭線 貢寮
24%
北廻線 新城
24%
台東線 富里
24%
南廻線 知本
24%
深澳線 八斗子
24%
縦貫線(北段) 楊梅
21%
縦貫線(北段) 新富
21%
縦貫線(北段) 新豊
21%
六家線 | 内湾線 | 縦貫線(北段) 北新竹
21%
縦貫線(北段) 香山
21%
海岸線 後龍
21%
台中線 豊富
21%
台中線 三義
21%
縦貫線 (南段) 花壇
21%
縦貫線 (南段) 林内
21%
縦貫線 (南段) 大林
21%
縦貫線 (南段) 民雄
21%
縦貫線 (南段) 嘉北
21%
縦貫線 (南段) 水上
21%
縦貫線 (南段) 大橋
21%
縦貫線 (南段) 保安
21%
沙崙線 | 縦貫線 (南段) 中洲
21%
屏東線 科工館
21%
屏東線 鳳山
21%
屏東線 帰来
21%
屏東線 西勢
21%
屏東線 竹田
21%
屏東線 南州
21%
屏東線 林辺
21%
屏東線 東海
21%
宜蘭線 牡丹
21%
宜蘭線 大里
21%
宜蘭線 亀山
21%
宜蘭線 頭城
21%
宜蘭線 中里
21%
宜蘭線 羅東
21%
宜蘭線 冬山
21%
宜蘭線 新馬
21%
北廻線 東澳
21%
北廻線 南澳
21%
北廻線 漢本
21%
北廻線 和平
21%
北廻線 和仁
21%
北廻線 崇徳
21%
台東線 吉安
21%
台東線 志学
21%
台東線 鳳林
21%
台東線 光復
21%
台東線 富源
21%
台東線 東里
21%
台東線 関山
21%
台東線 鹿野
21%
南廻線 枋山
21%
南廻線 大武
21%
南廻線 太麻里
21%
深澳線 海科館
21%
内湾線 竹東
21%
集集線 水里
21%
縦貫線(北段) 三姓橋
17%
縦貫線(北段) 崎頂
17%
海岸線 談文
17%
海岸線 龍港
17%
海岸線 白沙屯
17%
海岸線 新埔
17%
海岸線 沙鹿
17%
海岸線 龍井
17%
台中線 造橋
17%
台中線 南勢
17%
台中線 泰安
17%
台中線 后里
17%
縦貫線 (南段) 大村
17%
縦貫線 (南段) 石亀
17%
縦貫線 (南段) 南靖
17%
縦貫線 (南段) 後壁
17%
縦貫線 (南段) 柳営
17%
縦貫線 (南段) 林鳳営
17%
縦貫線 (南段) 隆田
17%
縦貫線 (南段) 南科
17%
縦貫線 (南段) 永康
17%
縦貫線 (南段) 仁徳
17%
縦貫線 (南段) 路竹
17%
縦貫線 (南段) 橋頭
17%
縦貫線 (南段) 鼓山
17%
屏東線 後庄
17%
屏東線 佳冬
17%
宜蘭線 | 平渓線 三貂嶺
17%
宜蘭線 双渓
17%
宜蘭線 大渓
17%
宜蘭線 礁渓
17%
宜蘭線 四城
17%
宜蘭線 二結
17%
北廻線 永楽
17%
北廻線 武塔
17%
北廻線 景美
17%
北廻線 北埔
17%
台東線 平和
17%
台東線 寿豊
17%
台東線 豊田
17%
台東線 三民
17%
台東線 瑞源
17%
台東線 山里
17%
平渓線 菁桐
17%
六家線 | 内湾線 新荘
17%
六家線 | 内湾線 竹中
17%
集集線 濁水
17%
沙崙線 長栄大学
17%
海岸線 大山
14%
海岸線 通霄
14%
海岸線 苑裡
14%
海岸線 大肚
14%
台中線 銅鑼
14%
台中線 栗林
14%
台中線 潭子
14%
台中線 松竹
14%
台中線 太原
14%
台中線 五権
14%
縦貫線 (南段) 永靖
14%
縦貫線 (南段) 社頭
14%
縦貫線 (南段) 石榴
14%
縦貫線 (南段) 大湖
14%
縦貫線 (南段) 三塊厝
14%
屏東線 六塊厝
14%
屏東線 麟洛
14%
屏東線 崁頂
14%
宜蘭線 | 平渓線 猴硐
14%
宜蘭線 石城
14%
宜蘭線 頂埔
14%
台東線 林栄新光
14%
台東線 大富
14%
台東線 海端
14%
南廻線 加祿
14%
南廻線 内獅
14%
南廻線 瀧渓
14%
南廻線 金崙
14%
南廻線 康楽
14%
平渓線 大華
14%
平渓線 望古
14%
平渓線 嶺脚
14%
内湾線 横山
14%
内湾線 富貴
14%
集集線 源泉
14%
集集線 龍泉
14%
集集線 車埕
14%
台中線 頭家厝
10%
台中線 大慶
10%
縦貫線 (南段) 内惟
10%
屏東線 民族
10%
屏東線 正義
10%
屏東線 鎮安
10%
宜蘭線 福隆
10%
宜蘭線 外澳
10%
台東線 萬栄
10%
台東線 東竹
10%
台東線 瑞和
10%
六家線 | 内湾線 千甲
10%
内湾線 上員
10%
内湾線 合興
10%
台中線 精武
7%
台東線 南平
7%
内湾線 九讃頭
7%
縦貫線(北段) 新竹貨
3%
内湾線 栄華
3%
台東線 長良
0%
No matching quizzes found
Score Distribution
Percent of People with Each Score
Percentile by Number Answered
Your Score History
You have not taken this quiz